ბათუმის შოთა რუსთაველის სახელმწიფო უნივერსიტეტის ბიბლიოთეკა

სოციოლოგიის შესავალი. ლექციები (ბიბ.ჩანაწერი № 43780)

000 -LEADER
fixed length control field 00941nam a2200253Ia 4500
001 - CONTROL NUMBER
control field 10525
003 - CONTROL NUMBER IDENTIFIER
control field GE_BSU
008 - FIXED-LENGTH DATA ELEMENTS--GENERAL INFORMATION
fixed length control field 181216s||||||||xx |||||||||||||| ||und||
020 ## - INTERNATIONAL STANDARD BOOK NUMBER
International Standard Book Number 9799941174636
040 ## - CATALOGING SOURCE
Transcribing agency GE_BSU
100 ## - MAIN ENTRY--PERSONAL NAME
Personal name ქეცბაია, კახა
245 ## - TITLE STATEMENT
Title სოციოლოგიის შესავალი. ლექციები
245 ## - TITLE STATEMENT
Remainder of title ლექციები
245 ## - TITLE STATEMENT
Statement of responsibility, etc. რედ:აკაკი ყულიჯანაშვილი; ლიტ.რედ:ჯემალ შონია.
250 ## - EDITION STATEMENT
Edition statement მე–3 გამოც.
260 ## - PUBLICATION, DISTRIBUTION, ETC.
Place of publication, distribution, etc. თბილისი
260 ## - PUBLICATION, DISTRIBUTION, ETC.
Name of publisher, distributor, etc. უნივერსალი
260 ## - PUBLICATION, DISTRIBUTION, ETC.
Date of publication, distribution, etc. 2011
300 ## - PHYSICAL DESCRIPTION
Extent 288გვ;29სმ.
300 ## - PHYSICAL DESCRIPTION
Other physical details სახელთა საძიებელი:გვ.271–283
653 ## - INDEX TERM--UNCONTROLLED
Uncontrolled term სოციოლოგიის შესავალი:(ლექციები)
942 ## - ADDED ENTRY ELEMENTS (KOHA)
Koha item type წიგნი
ეგზემპლარები
Withdrawn status Lost status Damaged status Not for loan Date acquired Barcode Date last seen Price effective from Koha item type
        2018-12-17 34460 2018-12-17 2018-12-17 წიგნი
        2018-12-17 34461 2018-12-17 2018-12-17 წიგნი
        2018-12-17 34462 2018-12-17 2018-12-17 წიგნი
        2018-12-17 35109 2018-12-17 2018-12-17 წიგნი
        2018-12-17 35110 2018-12-17 2018-12-17 წიგნი